Street Workout moves by picture (calisthenics) - Statistics

General Stats
  • This quiz has been taken 99 times
  • The average score is 14 of 20
Answer Stats
Picture Answer % Correct
Muscle Up
100%
Handstand
98%
L-sit
94%
Front Lever
92%
Pistol Squat
91%
Back Lever
89%
Human Flag
89%
One Arm Pull-up
86%
One Arm Push-up
83%
Iron Cross
77%
V-sit
70%
Elbow Lever
67%
Maltese
66%
One Arm Planche
63%
Dragon Flag
56%
Dragon Pistol Squat
53%
Full Planche
50%
Impossible Dip
39%
Victorian Cross
36%
Hollow Back Handstand
14%
No matching quizzes found
Score Distribution
Percent of People with Each Score
Percentile by Number Answered
Your Score History
You have not taken this quiz